Aktuálne dane v tomto roku

Započítavanie preddavkov na daň z príjmov fyzických osôb na r. 1996. Posledná daňová povinnosť. Polovičná výška preddavku. Oslobodenie od platenia preddavku. Čiastkové základy dane.

Gespeichert in:
Bibliographische Detailangaben
1. Verfasser: Piršelová, Dagmar
Format: Buchkapitel
Sprache:Slowakisch
Schlagworte:
Tags: Tag hinzufügen
Keine Tags, Fügen Sie das erste Tag hinzu!

MARC

LEADER 00000naa a2200000 4500
001 r020704
005 20230801103325.2
041 0 |a slo 
044 |a SK 
245 1 0 |a Aktuálne dane v tomto roku  |c Dagmar Piršelová 
520 |a Započítavanie preddavkov na daň z príjmov fyzických osôb na r. 1996. Posledná daňová povinnosť. Polovičná výška preddavku. Oslobodenie od platenia preddavku. Čiastkové základy dane. 
610 2 0 |a Slovensko 
610 2 0 |a 1996 
610 2 0 |a dane z príjmov 
610 2 0 |a osoby fyzické 
610 2 0 |a preddavky 
100 1 |a Piršelová, Dagmar